000 00769nam a2200277Ia 4500
003 OSt
005 20221006142921.0
006 a|||||r|||| 00| 0
007 ta
008 221006b |||||||| |||| 00| 0 eng d
020 _aB007T4NK98
_c
_16.00
024 _a7,531
037 _cTextual
040 _aEASL
_cEASL
_beng
041 _2eng
_aeng
082 _aV42:2.N3, K5
100 _aMILLER Frank O
_9648727
245 0 _aMinobe Tatsukichi
_b Interpreter of constitutionalism in Japan
260 _aBerkeley
_bUniversity of California Press
_c1965
300 _a392p.
_ccm.
490 _v JEL
650 _a JEL
650 _aConstitutional theory
_9648728
942 _hV42:2.N3, K5
_cTEXL
_2CC
999 _c1075617
_d1075617